| 000 | 00684nam a22002177a 4500 | ||
|---|---|---|---|
| 001 | 38605 | ||
| 003 | BD-RjUL | ||
| 005 | 20211209052827.0 | ||
| 008 | 160123b bg ||||| |||| 00| 0 ben d | ||
| 035 | _a(BD-RjUL)38713 | ||
| 040 |
_aBD-RjUL _bben _cBD-RjUL |
||
| 041 | _aben | ||
| 082 |
_a891.443 _bAHA |
||
| 100 |
_aআহমদ, আবুল মনসুর _9117726 |
||
| 245 |
_aআয়না / _cআবুল মনসুর আহমদ |
||
| 250 | _a৪র্থ সং. | ||
| 260 |
_aঢাকা : _bনওরোজ কিতাবিস্তান, |
||
| 300 |
_a১৭৮ পৃ. ; _c১৮ সেমি. |
||
| 650 |
_aBengali Fiction _9119116 |
||
| 942 |
_2ddc _cBK _02 |
||
| 999 |
_c38605 _d38605 |
||